000 00565nam a22002177a 4500
005 20250219190151.0
008 170502b2008 xxu||||| |||| 00| 0 spa d
020 _a9789681871734
041 _aESP
_aING
082 _aR 658.303 A973d
100 _aAyala Espinosa, Fernando
245 _aDiccionario bilingüe de términos de recursos humanos y administración
260 _aMéxico
260 _bLimusa
260 _c2008
650 _aADMINISTRACIÓN
650 _aDICCIONARIOS
650 _aRECURSOS HUMANOS
650 _aINGLÉS
942 _cREF
_2ddc
999 _c9345
_d9345